Art in Felt & Stitch: Creating Beautiful Works of Art Using Fleece, Fibres and Threads (Record no. 370249)
[ view plain ]
| 000 -LEADER | |
|---|---|
| fixed length control field | 00737nam a2200193 4500 |
| 005 - DATE AND TIME OF LATEST TRANSACTION | |
| control field | 20260210150552.0 |
| 008 - FIXED-LENGTH DATA ELEMENTS--GENERAL INFORMATION | |
| fixed length control field | 260130b |||||||| |||| 00| 0 eng d |
| 020 ## - INTERNATIONAL STANDARD BOOK NUMBER | |
| International Standard Book Number | 9781844485635 |
| 041 ## - LANGUAGE CODE | |
| Language code of text/sound track or separate title | English |
| 082 ## - DEWEY DECIMAL CLASSIFICATION NUMBER | |
| Classification number | 700 |
| Item number | MAC |
| 100 ## - MAIN ENTRY--PERSONAL NAME | |
| Author | Mackay Moy |
| 245 ## - TITLE STATEMENT | |
| Title | Art in Felt & Stitch: Creating Beautiful Works of Art Using Fleece, Fibres and Threads |
| 260 ## - PUBLICATION, DISTRIBUTION, ETC. | |
| Name of publisher, distributor, etc. | Search Press |
| Date of publication, distribution, etc. | 2012 |
| 300 ## - PHYSICAL DESCRIPTION | |
| Extent | 128 |
| 365 ## - TRADE PRICE | |
| Price amount | 1302.63 |
| Currency code | Rs.00 |
| 520 ## - SUMMARY, ETC. | |
| Summary, etc. | • Introduction <br/>• Materials and equipment <br/>• Inspiration <br/>• Colour <br/>• Texture <br/>• Composition <br/>• Techniques <br/>• Landscapes <br/>• Birds <br/>• Flowers <br/>• Still life <br/> <br/> |
| 650 ## - SUBJECT ADDED ENTRY--TOPICAL TERM | |
| Topical term or geographic name entry element | Art |
| 942 ## - ADDED ENTRY ELEMENTS (KOHA) | |
| Koha item type | Books |
| Withdrawn status | Lost status | Source of classification or shelving scheme | Damaged status | Not for loan | Home library | Current library | Date acquired | Vendor | Net Price | Bill number | Total Checkouts | Full call number | Barcode | Date last seen | Discount | Actual Price | Bill Date | Koha item type |
|---|---|---|---|---|---|---|---|---|---|---|---|---|---|---|---|---|---|---|
| Dewey Decimal Classification | School of Fashion Technology | School of Fashion Technology | 28/01/2026 | Design Book Studio | 1302.63 | 283 | 700 MAC | SOFT-BK-4907 | 30/01/2026 | 33% | 1944.22 | 12/12/2025 | Books |